Obchodné podnikanie v oblasti služieb bakalárska práca

Gespeichert in:
Bibliographische Detailangaben
1. Verfasser: Švigarová, Romana
Körperschaft: Podnikovohospodárska fakulta EU so sídlom v Košiciach. Katedra obchodného podnikania
Weitere Verfasser: Petrovčiková, Katarína, 1977-
Format: Buch
Sprache:Slowakisch
Veröffentlicht: Košice 2022
Tags: Tag hinzufügen
Keine Tags, Fügen Sie das erste Tag hinzu!

MARC

LEADER 00000nbm a2200000 4500
001 0286502
005 20230428113511.3
041 0 |a slo 
044 |a SK 
245 1 0 |a Obchodné podnikanie v oblasti služieb  |b bakalárska práca  |c Romana Švigarová ; školiteľ: Katarína Petrovčiková 
264 1 |a Košice  |c 2022 
300 |a 52 s. 
100 1 |a Švigarová, Romana 
700 1 |a Petrovčiková, Katarína, 1977- 
710 2 |a Podnikovohospodárska fakulta EU so sídlom v Košiciach. Katedra obchodného podnikania